| 000 | 00506nam a2200133Ia 4500 | ||
|---|---|---|---|
| 008 | 220620s9999||||xx |||||||||||||| ||und|| | ||
| 022 | _a19194390 | ||
| 100 | _aNorman D. Vaughan, Martha Cleveland-Innes, and D. Randy Garrison | ||
| 245 | 0 | _aTeaching in Blended Learning Environments: Creating and Sustaining Communities of Inquiry | |
| 546 | _aEnglish[eng] | ||
| 650 | _aPedagogy||Education||Educational technology||Online learning | ||
| 856 | _uhttp://www.aupress.ca/index.php/books/120229 | ||
| 942 | _cEB | ||
| 999 |
_c30147 _d30147 |
||